| 000 | 00710cab a2200193 4500 | ||
|---|---|---|---|
| 001 | ##L132556 | ||
| 008 | 060217n2006 000 0 eng u | ||
| 035 | _a(Sirsi) u132556 | ||
| 041 | 0 | _aeng | |
| 245 | 0 | 2 | _aA guide through the HMO maze |
| 260 | _c2006 | ||
| 490 | 0 |
_aEstate Agent _vJanuary/February 2006, 9(1) |
|
| 520 | _aPresents two flow charts (courtesy of the Association of Residential Letting Agents) to help landlords and others determine whether their properties are houses in multiple occupation or not. | ||
| 590 | _aIKA280206 | ||
| 650 | 2 | 4 | _aHOUSING ACT 2004 |
| 650 | _aHOUSING ACT 2004 PART II | ||
| 690 | _aPROPERTY-RESIDENTIAL PROPERTY-RESIDENTIAL LANDLORD AND TENANT | ||
| 942 | _n0 | ||
| 999 |
_c76491 _d76491 |
||